Kondenzátor pár oleja

Salvato in:
Dettagli Bibliografici
Autore principale: Kostelka, Rastislav (Autore)
Altri autori: Gužela, Štefan (Relatore della tesi)
Natura: Manoscritto Libro
Lingua:slovacco
Pubblicazione: 2020
Soggetti:
Accesso online:http://is.stuba.sk/zp/portal_zp.pl?podrobnosti=152400
Tags: Aggiungi Tag
Nessun Tag, puoi essere il primo ad aggiungerne!!

MARC

LEADER 00000ntm a22000003a 4500
001 stuzp81388
003 SK-STU
005 20200711211115.4
007 ta
008 150427s2015----xo-----f-mn---000-0-slo-d
040 |a STU  |b slo 
041 0 |a slo 
100 1 |a Kostelka, Rastislav  |u 020040  |k Z4  |4 aut  |U SjF Strojnícka fakulta  |T SjF Ústav procesného inžinierstva  |X 76819  |U J0040  |Y 807  |7 76819 
242 0 1 |a Condenser of diesel fuel vapors  |y eng 
245 1 0 |a Kondenzátor pár oleja 
260 |c 2020 
650 4 |a Unisim  |2 eng 
650 4 |a Heat transfer  |2 eng 
650 4 |a Condenser  |2 eng 
650 4 |a Inert gas  |2 eng 
650 4 |a Condensation  |2 eng 
650 4 |a Vapor  |2 eng 
650 4 |a Pary  |2 slo 
650 4 |a Kondenzátor  |2 slo 
650 4 |a Inertný plyn  |2 slo 
650 4 |a Kondenzácia  |2 slo 
650 4 |a Unisim  |2 slo 
650 4 |a Prestup tepla  |2 slo 
700 1 |a Gužela, Štefan  |u 020040  |k Z1  |4 ths  |U SjF Strojnícka fakulta  |T SjF Ústav procesného inžinierstva  |X 4267  |U J0040  |Y 807  |7 A000004267 
856 4 |u http://is.stuba.sk/zp/portal_zp.pl?podrobnosti=152400 
996 |b 284J046425  |c J* 3215/DDP  |l JJSK  |s A  |a 24  |w stuzp81388_0001